000 00487nam a2200169Ia 4500
008 090122s9999 xx 000 0 und d
082 _b3196
_a891.4683
100 _aराजाध्यक्ष
_bविजया
245 _aसमांतर
260 _bमॅजेस्टिक
300 _a175
600 _aराजाध्यक्ष
630 _aसमांतर
700 _aराजाध्यक्ष
730 _aसमांतर
942 _cBOOK
999 _c27274
_d27274